| 000 | 01206cam a2200313 4500 | ||
|---|---|---|---|
| 001 | WS122022 | ||
| 008 | 030416n 000 0 eng u | ||
| 035 | _a(Sirsi) u122022 | ||
| 110 |
_aCIPREC _94441 |
||
| 245 | _aCIPREC | ||
| 520 | _aWeb site for this organisation for the largest owners of commercial real estate in Canada representing the industry's point of view to government. Includes details of industry issues, downloadable copies of the National Standard Office Lease, the Accounting Standards Handbook, the Standard Telecommunications Licence Agreements and the Living Canadian Real Estate Textbook. Also gives details of Canadian real estate investment trusts. | ||
| 650 | _aLEASES | ||
| 650 | _aPROPERTY RIGHTS | ||
| 650 | _aPLANNING | ||
| 650 |
_aLand use _96251 |
||
| 650 | _aZONING | ||
| 650 | _aFINANCE | ||
| 650 | _aCANADA | ||
| 650 | _aINTERNATIONAL | ||
| 650 | _aORGANISATION | ||
| 650 | _aPROPERTY OWNERS | ||
| 650 | _aACCOUNTING STANDARDS | ||
| 650 | _aTELECOMMUNICATIONS | ||
| 650 | _aREITS | ||
| 650 | _aREITS | ||
| 690 | _aPROPERTY-COMMERCIAL PROPERTY | ||
| 856 | 4 | 0 |
_uhttps://www.ciprec.ca _zView the website free of charge at www.ciprec.ca... |
| 942 | _n0 | ||
| 999 |
_c120274 _d120274 |
||